Statistics for Vin Diesel Movies

Click here to take the quiz!

General Stats

  • This quiz has been taken 661 times
  • The average score is 7 of 16

Answer Stats

YearMovie% Correct
2009Fast & Furious
90%
2001The Fast and the Furious
74%
2002xXx
71%
2011Fast Five
66%
2005The Pacifier
58%
2004The Chronicles of Riddick
57%
2000Pitch Black
55%
2006The Fast and the Furious: Tokyo Drift
54%
1998Saving Private Ryan
38%
1999The Iron Giant
23%
2003A Man Apart
22%
2000Boiler Room
19%
2001Knockaround Guys
17%
2008Babylon A.D.
16%
2006Find Me Guilty
12%
1997Strays
8%

Score Distribution

Percentile by Number Answered

Percent of People with Each Score

Your Score History

You have not taken this quiz